Novela zákona o inšpekcii práce je už účinná

Bibliographic Details
Main Author: Pauličková, Alena, 1955- (Author)
Format: Article
Language:Slovak
ISSN:1335-4701
Subjects:

MARC

LEADER 00000nab a2200000 a 4500
001 vtls000797909
003 SK-MaSNL
005 20260302155426.0
008 140301c2002 xo 0 slo
015 |a SNBRB2002/06-20242 
035 |a CLN000149564 
040 |a SNKBUCL  |b slo  |c SNKBUCL  |e AACR2 
041 0 |a slo 
044 |a xo  |c SK 
080 |a 331.823:061.64:340.130  |2 1997 
100 1 |a Pauličková, Alena,  |d 1955-  |4 aut  |9 202027 
245 1 0 |a Novela zákona o inšpekcii práce je už účinná  |c Alena Pauličková 
650 0 7 |a inšpekcia práce  |2 SNKPH  |9 18746 
650 0 7 |a zákony  |2 SNKPH  |9 1156 
655 7 |a články z novín a časopisov  |2 SNK  |9 267496 
773 0 |t Hospodárske noviny  |g Roč. 10, č. 91 (14.5.2002), s. 23  |x 1335-4701 
850 |a Slovenská národná knižnica v Martine 
852 |a SNK  |b KIS3GCP 
958 |a SK 
992 |a RBX 
999 |c 1371421  |d 1373351